| 000 -LEADER |
| fixed length control field |
00700cam a2200217 a 4500 |
| 005 - DATE AND TIME OF LATEST TRANSACTION |
| control field |
20131115095210.0 |
| 008 - FIXED-LENGTH DATA ELEMENTS--GENERAL INFORMATION |
| fixed length control field |
020201s2003 nyua b 001 0 eng |
| 020 ## - INTERNATIONAL STANDARD BOOK NUMBER |
| International Standard Book Number |
1571813802 |
| 041 0# - LANGUAGE CODE |
| Language code of text/sound track or separate title |
eng |
| 080 ## - UNIVERSAL DECIMAL CLASSIFICATION NUMBER |
| Universal Decimal Classification number |
341 |
| 245 00 - TITLE STATEMENT |
| Title |
Rethinking international organizations : |
| Statement of responsibility, etc |
edited by Dennis Dijkzeul and Yves Beigbeder. |
| 260 ## - |
| -- |
New York : |
| -- |
Berghahn Books, |
| -- |
2003. |
| 300 ## - |
| -- |
xiv, 350 f. : |
| -- |
ill. ; |
| -- |
24 cm. |
| 500 ## - |
| -- |
Preface : IX-X |
| 504 ## - BIBLIOGRAPHY, ETC. NOTE |
| Bibliography, etc |
Includes bibliographical references and indexes. |
| 650 #0 - |
| -- |
Agjencionet internacionale |
| 650 #0 - |
| -- |
E drejta ndërkombëtare |
| 700 1# - |
| -- |
Dijkzeul, Dennis. |
| 700 1# - |
| -- |
Beigbeder, Yves. |
| 942 ## - ADDED ENTRY ELEMENTS (KOHA) |
| Source of classification or shelving scheme |
|
| Item type |
Books |